000 00830nam a22002897a 4500
001 BR8903157
003 BR-BrBNA
005 20230928093242.0
007 ta
008 230509b bl.||||| |||| 00| 0 por d
040 _aBR-BrBNA
_bpor
_cBiblioteca Nacional de Agricultura
041 _a(Por)
072 _aE14; M12
_b8520
_b/G514
090 _ 8520 BR8903157
100 1 _aHolz, R.E.
100 1 _aSmidt, I.M.
100 1 _aOliveira, J.J. de
110 1 _aSuperintendencia do Desenvolvimento da Pesca, Brasilia, DF (Brasil). Depto. de Pesquisa e Tecnologia
_910068
245 1 _aPrograma Nacional de Ranicultura
260 3 _aBrasilia, DF (Brasil):
_c1985.
300 _a24 p.
500 _a7 tables
650 _aRANICULTURA
650 _aPROJETO AGRICOLA
909 _a202309
_bLucia
_c55
_dLucia Elande
942 _cBK
999 _c43894
_d43894